| 000 | 01078nam0a2200277 i 4500 | ||
|---|---|---|---|
| 001 | RU\NLR\BIBL_A\011362945 | ||
| 005 | 20240922001707.0 | ||
| 035 | _a(NLR Aleph) 011362945 | ||
| 090 |
_a11308184 _c11308184 |
||
| 100 | _a20170407d2016 u y0rusy50 ca | ||
| 101 | 0 | _arus | |
| 102 | _aRU | ||
| 105 | _aa z 000gy | ||
| 200 | 1 |
_aВзывает время к доброте _eстихотворения. Венок сонетов. Поэма _fАндрей Румянцев |
|
| 210 |
_aУлан-Удэ _c[б. и.] _d2016 |
||
| 215 |
_a281, [6] с. _cил., портр. _d20 |
||
| 327 | 1 | _aСодерж.: циклы: Родина; Память; Боль; Нежность; Надежда; Колодец планеты: поэма | |
| 686 | 2 | _aШ6(2=Р)8-5 | |
| 686 | 2 | _aШ6(2=Р)8-53 | |
| 700 | 1 |
_7ca _8rus _aРумянцев _bА. Г. _cписатель, поэт _f1938- _gАндрей Григорьевич _9186009 _3RU\NLR\AUTH\770186060 |
|
| 942 | _cBOOK | ||
| 980 | _aNBR | ||